LEADER 01065cam0 2200265 450 001 000016445 005 20081230143237.0 100 $a20080924d1958----km-y0itay50------ba 101 0 $aeng 102 $aUS 105 $ay-------001yy 200 1 $aPopulation growth and economic development in low-income countries$ea case study of India's prospects$fby Ansley J. Coale and Edgar M. Hoover 210 $aPrinceton (N. J.)$cPrinceton university press$d1958 215 $aXXI, 389 p.$d24 cm 500 10$aPopulation growth and economic development in low-income countries$934516 610 1 $aIndia$aPopolazione$a1945-1956 610 1 $aIndia$aCondizioni economiche e sociali$a1945-1956 676 $a304.60954$v19$9Popolazione. Asia meridionale. India 700 1$aCoale,$bAnsley J.$0103080 701 1$aHoover,$bEdgar Malone$0630088 801 0$aIT$bUNIPARTHENOPE$c20080924$gRICA$2UNIMARC 912 $a000016445 951 $a121/26$b2956$cNAVA2$d2008 996 $aPopulation growth and economic development in low-income countries$934516 997 $aUNIPARTHENOPE LEADER 03683nam 2200661 450 001 9910459697403321 005 20200520144314.0 010 $a3-11-039113-9 010 $a3-11-036232-5 024 7 $a10.1515/9783110362329 035 $a(CKB)3710000000229307 035 $a(EBL)1713043 035 $a(SSID)ssj0001550752 035 $a(PQKBManifestationID)16166370 035 $a(PQKBTitleCode)TC0001550752 035 $a(PQKBWorkID)14810808 035 $a(PQKB)11096618 035 $a(MiAaPQ)EBC1713043 035 $a(DE-B1597)426639 035 $a(OCoLC)890089878 035 $a(OCoLC)906040538 035 $a(DE-B1597)9783110362329 035 $a(Au-PeEL)EBL1713043 035 $a(CaPaEBR)ebr11014080 035 $a(CaONFJC)MIL805388 035 $a(EXLCZ)993710000000229307 100 $a20150217h20142014 uy 0 101 0 $ager 135 $aur|n|---||||| 181 $ctxt 182 $cc 183 $acr 200 14$aDas Fremde und das Eigene $eDie Fremdendarstellungen des deuteronomiums im kontext israelitischer identita?tskonstruktionen /$fRuth Ebach 210 1$aBerlin, [Germany] ;$aBoston, [Massachusetts] :$cDe Gruyter,$d2014. 210 4$d©2014 215 $a1 online resource (358 p.) 225 1 $aBeihefte zur Zeitschrift fu?r die alttestamentliche Wissenschaft,$x0934-2575 ;$vBand 471 300 $aDescription based upon print version of record. 311 $a3-11-036173-6 320 $aIncludes bibliographical references and index. 327 $t Frontmatter -- $tVorwort -- $tInhalt -- $t1. Einleitung -- $t2. Exklusion und Inklusion - Das vorexilische Deuteronomium -- $t3. Rettung der Gottesbeziehung - Das exilische Deuteronomium -- $t4. Abgrenzung und Weltoffenheit - Das nachexilische Deuteronomium -- $t5. Israel als Jhwhs Volk - Ein Geschehen in der Fremde -- $t6. Das Eigene im Fremden - Ergebnisse -- $t7. Literaturverzeichnis -- $tStellenregister (in Auswahl) 330 $aDie Studie nimmt in Aufnahme grundlegender soziologischer Einsichten die Beschreibungen des Fremden und des Eigenen als aufeinander bezogene situationsgebundene Konstruktionsprozesse wahr. Dabei setzt sie sich sowohl mit den juristischen als auch den narrativen Texten des Deuteronomiums, die den Umgang mit fremden Menschen, Göttern und Praktiken regeln, auseinander. Die Bandbreite der Wertung reicht in diesen Texten von der Aufforderung zur Fremdlingsliebe (Dtn 10,19) bis zum radikalen Banngebot an den kanaanäischen Völkern (Dtn 7). Durch die Verknüpfung von literarhistorischen Analysen und soziologischen Erkenntnissen wird erkennbar, dass die Kategorisierung von Personen (Dtn 7 u.ö.) und Praktiken (Dtn 18) als fremd ein aktiver Zuschreibungsprozess ist. Die Untersuchung zeichnet die Entstehung der deuteronomischen Fremdentexte in vorexilischer, exilischer und nachexilischer Zeit nach und verknüpft die unterschiedlichen Zuschreibungen und Wertungen mit der historischen Situation der jeweiligen Verfasser. Dabei wird deutlich, dass insbesondere dann harte Abgrenzungen gezogen werden, wenn die eigene Identität durch Krisen in Frage gestellt ist. 410 0$aBeihefte zur Zeitschrift fu?r die alttestamentliche Wissenschaft ;$vBand 471. 606 $aIdentification (Religion) 606 $aJews$xIdentity 608 $aElectronic books. 615 0$aIdentification (Religion) 615 0$aJews$xIdentity. 676 $a222.1506 686 $aBC 6635$2rvk 700 $aEbach$b Ruth$01055969 801 0$bMiAaPQ 801 1$bMiAaPQ 801 2$bMiAaPQ 906 $aBOOK 912 $a9910459697403321 996 $aDas Fremde und das Eigene$92489965 997 $aUNINA LEADER 01369nam0 22002891i 450 001 UON00280754 005 20231205103836.207 010 $a36-18-60505-6 100 $a20060927d1991 |0itac50 ba 101 $ager 102 $aDE 105 $a||||0 ||||| 200 1 $aItalien - im Schatten der Revolution$eBriefe, Tagebücher und Gespräche vom 3. September 1786 bis 12. Juni 1794$fJohann Wolgang Goethe$ghrsg. von Karl Eibl 210 $aFrankfurt am Main$cDeutscher Klassiker$d1991 215 $a1144 p., [8] c. di tav.$d19 cm. 410 1$1001UON00172578$12001 $a Johann Wolfgang Goethe Sämtliche Werke. Briefe, Tagebücher und Gespräche. 40 v. ; 19 cm.$vBd. 3 410 1$1001UON00172580$12001 $aBibliothek deutscher Klassiker$1210 $aFrankfurt am Main$cDeutscher Klassiker.$v61 620 $aDE$dFrankfurt am Main$3UONL003175 700 1$aGOETHE$bJohann Wolfgang : von$3UONV020096$0151776 702 1$aEIBL$bKarl$3UONV162825 712 $aDeutscher Klassiker$3UONV265995$4650 801 $aIT$bSOL$c20240220$gRICA 899 $aSIBA - SISTEMA BIBLIOTECARIO DI ATENEO$2UONSI 912 $aUON00280754 950 $aSIBA - SISTEMA BIBLIOTECARIO DI ATENEO$dSI TED 22 I GOE 07 u $eSI LO 47905 5 07 u 996 $aItalien - Im Schatten der Revolution$9881758 997 $aUNIOR